000 00285nam a22001337a 4500
008 170825b xxu||||| |||| 00| 0 eng d
020 _a9780618445332
041 _aeng
080 _a070
100 _a40
101 _aMED
245 _aBEFORE HOLLYWOOD
_cCLEE.P
942 _2udc
_cBK
999 _c25010
_d25010